Loading...
| Science - Chemistry | 0 | 9 | 0 | 2 | 90 | 75 | 106.22 | 0 | 4 |
| Science - Physics | 0 | 6 | 0 | 0 | 60 | 37 | 85.67 | 1 | 3 |
| Science - Biology | 0 | 5 | 2 | 1 | 40 | 74 | 95.80 | 0 | 1 |
| Science - Earth | 0 | 2 | 0 | 2 | 20 | 131 | 133.00 | 0 | 0 |
| Science - Compsci | 0 | 1 | 0 | 0 | 10 | 118 | 118.00 | 0 | 0 |
| Social Science - Economics | 0 | 1 | 0 | 0 | 10 | 101 | 101.00 | 0 | 0 |
| Philosophy - 20th century | 0 | 1 | 0 | 1 | 10 | 140 | 140.00 | 0 | 0 |
| Philosophy - Enlightenment | 0 | 1 | 0 | 0 | 10 | 140 | 140.00 | 0 | 0 |
| Science - Astronomy | 0 | 1 | 0 | 0 | 10 | 88 | 88.00 | 0 | 0 |
| Science - Other | 0 | 1 | 1 | 0 | 5 | 116 | 116.00 | 0 | 0 |
| History - European | 0 | 0 | 1 | 0 | -5 | 0.00 | 0 | 0 |